| 000 | 01184nam1a2200253 i 4500 | ||
|---|---|---|---|
| 001 | RU\NLR\BIBL_A\011506626 | ||
| 005 | 20240921185601.0 | ||
| 035 | _a(NLR Aleph) 011506626 | ||
| 090 |
_a12023575 _c12023575 |
||
| 100 | _a20170619g2016 km y0rusy50 ca | ||
| 101 | 0 | _arus | |
| 102 | _aRU | ||
| 105 | _a||||z|||||||| | ||
| 200 | 1 |
_aНавигатор для магистранта _fсоставитель, научный редактор, переводчик с английского языка и автор комментариев доктор экономических наук, профессор М. А. Котляров |
|
| 210 |
_aЕкатеринбург _c[б. и.] _d2016 |
||
| 215 | _d21 | ||
| 225 | 1 | _aЭкономика недвижимости и девелопмент территорий | |
| 606 | 1 |
_aВысшие экономические учебные заведения _xМагистратура _92358383 _3RU\NLR\AUTH\6601630988 |
|
| 686 | 1 | _aЧ489.34(2Р)7 | |
| 702 | 1 |
_aКотляров _bМ. А. _f1976- _gМаксим Александрович _4220 |
|
| 852 |
_aNLR _j2017-4/5163 |
||
| 942 | _cBOOK | ||